000 00426nam a2200169Ia 4500
008 230711s9999||||xx |||||||||||||| ||und||
020 _a0-19-806621-x
041 _aENG
082 _a372.6
_bMI-P
100 _aMitra,Barun K
245 0 _aPersonality development and soft skills
250 _a1st Ed.
260 _c2013
_aNew delhi
_bOxford University Press
300 _a258
650 _aCOMMUNICATION SKILL
942 _cBK
999 _c5539
_d5539